WHAT IS NEW TESTAMENT THEOLOGY?: THE RISE OF CRITICISM AND THE PROBLEM OF A THEOLOGY OF THE NEW TESTAMENT/

INCLUYE BIBLIOGRAFIA

Guardat en:
Dades bibliogràfiques
Autor principal: Boers, Hendrikus (autor)
Format: Llibre
Col·lecció:NEW TESTAMENT
Matèries:
Etiquetes: Afegir etiqueta
Sense etiquetes, Sigues el primer a etiquetar aquest registre!

MARC

LEADER 00000nam^a2200000^a^4500
001 000222377
005 20250521000000.0
009 20260526131939.569
020 |a 0-8006-0466-0 
035 |a 041234 
037 |a Acervo Xavier Clavigero 
082 |a 225.  |b BOE 
100 |a Boers, Hendrikus  |e (autor) 
245 1 0 |a WHAT IS NEW TESTAMENT THEOLOGY?:  |b THE RISE OF CRITICISM AND THE PROBLEM OF A THEOLOGY OF THE NEW TESTAMENT/  |c HENDRIKUS BOERS 
264 |a PHILADELPHIA :  |b FORTRESS PRESS,  |c 1979 
300 |a 95p. 
336 |a texto  |b txt  |2 rdacontenido 
337 |a sin mediación  |b n  |2 rdamedio 
338 |a volumen  |b nc  |2 rdasoporte 
440 |a NEW TESTAMENT 
520 |a INCLUYE BIBLIOGRAFIA 
649 |a XX 
650 |a Biblia -  |x Nuevo Testamento 
910 |a Fondo General 
920 |a Impresos - Libros 
930 |a Colección General 
905 |a 101 
901 |a 041234  |b IT1  |c ACC  |i 041234  |u 20250521 
902 |a https://opac.biblio.iteso.mx/vufind/Record/000222377